Špeciálnopedagogická poradňa pri ZŠI, ŠZŠI pre slabozrakých a nevidiacich v Bratislave bola zriadená 1. 9. 1991

Bibliographic Details
Main Author: Németh, O. (Author)
Format: Article
Language:Slovak
Subjects:

MARC

LEADER 00000naa a2200000 a 4500
001 vtls010258779
003 SK-MaSNL
005 20260302142526.0
008 11030208c2006 xo o |0||||||||0|||b|sl
015 |a SNBRA2009/07 
035 |a SVKKK000096539 
038 |a SVKKK 
040 |a SVKKK  |b slo  |c SVKKK  |e AACR2 
041 0 |a slo 
044 |a xo  |c SK 
080 |a 376.352  |x (437.6)  |2 1997 
080 |a 37.018.32  |2 1997 
080 |a 37.048  |2 1997 
100 1 |a Németh, O.  |4 aut  |9 795076 
245 1 0 |a Špeciálnopedagogická poradňa pri ZŠI, ŠZŠI pre slabozrakých a nevidiacich v Bratislave  |b bola zriadená 1. 9. 1991  |c O. Németh 
610 2 7 |a Špeciálnopedagogická poradňa pri ZŠI, ŠZŠI pre slabozrakých a nevidiacich (Bratislava, Slovensko)  |x deti so zrakovým postihnutím  |x nevidiaci  |2 snkbucl  |9 831572 
650 0 7 |a špeciálna pedagogika  |2 snkbucl  |9 958 
773 0 |t Rovnaké príležitosti pre vzdelávanie detí so zrakovým postihnutím (Model podpory integrovaného vzdelávania v základných školách) : zborník z medzinárodnej konferencie organizovanej v rámci projektu Matra  |d Levoča : Polypress, 2006  |g S. 91-92  |z 9788088704652 
852 |a SVKKK  |b BIB 
958 |a SK 
999 |c 1339708  |d 1341638